Dream Theater Songs Using Any Word - Statistics

General Stats
  • This quiz has been taken 476 times
    9 since last reset
  • The average score is 94 of 171
Answer Stats
Answer % Correct
As I Am
89%
In The Presence of Enemies - Part I
89%
I Walk Beside You
89%
Lifting Shadows Off a Dream
89%
Metropolis Part I: The Miracle and the Sleeper
89%
Octavarium
89%
Pull Me Under
89%
Scene Seven: I. The Dance of Eternity
89%
Scene Three: I. Through My Words
89%
Scene Two: I. Overture 1928
89%
Under a Glass Moon
89%
A Better Life
78%
A Broken Man
78%
A Change of Seasons
78%
Act of Faythe
78%
A Fortune in Lies
78%
A Life Left Behind
78%
Along for the Ride
78%
A New Beginning
78%
A Nightmare to Remember
78%
Answering the Call
78%
A Rite of Passage
78%
A Savior in the Square
78%
A Tempting Offer
78%
A View from the Top of the World
78%
A Vision
78%
Awaken the Master
78%
Behind the Veil
78%
Bend the Clock
78%
Beneath the Surface
78%
Bridges in the Sky
78%
Brother, Can You Hear Me?
78%
Build Me Up, Break Me Down
78%
Caught in a Web
78%
Descent of the NOMACS
78%
Fall into the Light
78%
Funeral for a Friend/Love Lies Bleeding
78%
Hymn of a Thousand Voices
78%
In the Arms of Morpheus
78%
In the Name of God
78%
In the Presence of Enemies - Part II
78%
Just Let Me Breathe
78%
Lines in the Sand
78%
March of the Tyrant
78%
Moment of Betrayal
78%
Only a Matter of Time
78%
On the Backs of Angels
78%
Out of Reach
78%
Prophets of War
78%
Scene Eight: The Spirit Carries On
78%
Six Degrees of Inner Turbulence
78%
Stream of Consciousness
78%
Take the Time
78%
The Alien
78%
The Answer
78%
The Answer Lies Within
78%
The Best of Times
78%
The Bigger Picture
78%
The Big Medley
78%
The Count of Tuscany
78%
The Dark Eternal Night
78%
The Enemy Inside
78%
The Gift of Music
78%
The Glass Prison
78%
The Great Debate
78%
The Hovering Sojourn
78%
The Killing Hand
78%
The Looking Glass
78%
The Ministry of Lost Souls
78%
The Mirror
78%
The Ones Who Help to Set the Sun
78%
The Path That Divides
78%
The Road to Revolution
78%
The Root of All Evil
78%
The Rover/Achilles Last Stand/The Song Remains the Same
78%
The Shadow Man Incident
78%
The Shattered Fortress
78%
The Silent Man
78%
The Walking Shadow
78%
The X Aspect
78%
The Ytse Jam
78%
This is the Life
78%
Trial of Tears
78%
Wait for Sleep
78%
Whispers on the Wind
78%
You Not Me
78%
Panic Attack
67%
Scene Four: Beyond This Life
67%
Scene Seven: II. One Last Time
67%
Scene Six: Home
67%
Scene Three: II. Fatal Tragedy
67%
Scene Two: II. Strange Deja Vu
67%
6:00
56%
Another Day
56%
Endless Sacrifice
56%
Learning to Live
56%
Light Fuse and Get Away
56%
Our New World
56%
Sacrificed Sons
56%
Scene Five: Through Her Eyes
56%
Scene Nine: Finally Free
56%
Scene One: Regression
56%
Are We Dreaming?
44%
At Wit's End
44%
Breaking All Illusions
44%
Lie
44%
New Millennium
44%
Night Terror
44%
Surrender to Reason
44%
Take Away My Pain
44%
When Your Time Has Come
44%
Another Won
33%
Astonishing
33%
Burning My Soul
33%
Constant Motion
33%
Far From Heaven
33%
Hell's Kitchen
33%
Honor Thy Father
33%
My Last Farwell
33%
Pale Blue Dot
33%
Space-Dye Vest
33%
Surrounded
33%
This Dying Soul
33%
Transcending Time
33%
Two Far
33%
Wither
33%
Anna Lee
22%
Dead Asleep
22%
Dystopian Overture
22%
Erotomania
22%
False Awakening Suite
22%
Forsaken
22%
Illumination Theory
22%
Invisible Monster
22%
Lord Nafaryus
22%
Lost Not Forgotten
22%
Midnight Messiah
22%
Never Enough
22%
Outcry
22%
Peruvian Skies
22%
Power Down
22%
Repentance
22%
Room 137
22%
Three Days
22%
Untethered Angel
22%
Vacant
22%
Vital Star
22%
Your Majesty
22%
Afterlife
11%
Barstool Warrior
11%
Begin Again
11%
Blind Faith
11%
Disappear
11%
Enigma Machine
11%
Hollow Years
11%
Losing Faythe
11%
Machine Chatter
11%
Misunderstood
11%
Paralyzed
11%
Perfect Strangers
11%
S2N
11%
Scarred
11%
Sleeping Giant
11%
Status Seeker
11%
These Walls
11%
Voices
11%
2285 Entr'acte
0%
Chosen
0%
Digital Discord
0%
Heaven's Cove
0%
Ravenskill
0%
No matching quizzes found
Score Distribution
Percent of People with Each Score
Percentile by Number Answered
Your Score History
You have not taken this quiz since the last reset